| 000 | 00483nam a2200229Ia 4500 | ||
|---|---|---|---|
| 003 | IT-RoPAU | ||
| 008 | 120407s9999 xx 000 0 und d | ||
| 040 | _aIT-RoPAU | ||
| 040 | _cIT-RoPAU | ||
| 041 | _aita | ||
| 100 | _aMario Midali | ||
| 245 | _aReligiosi e ministeri nella Chiesa locale. | ||
| 250 | _aRoma | ||
| 260 | _aRogate | ||
| 260 | _c1980 | ||
| 300 | _a103 p. | ||
| 300 | _c19 cm | ||
| 490 | _aQuaderni CISM | ||
| 490 | _v13 | ||
| 942 | _cBK | ||
| 999 |
_c24098 _d24098 |
||